Central Library OPAC University of Rajshahi

مآثر الأمراء ;; mathir al'umara / (Record no. 81739)

MARC details
000 -LEADER
fixed length control field 00815naa a2200217 4500
001 - CONTROL NUMBER
control field 81739
003 - CONTROL NUMBER IDENTIFIER
rucl marc code BD-RjUL
005 - DATE AND TIME OF LATEST TRANSACTION
control field 20230822143910.0
008 - FIXED-LENGTH DATA ELEMENTS--GENERAL INFORMATION
fixed length control field 230822s1968 p ||||| |||| 00| 0 u d
035 ## - SYSTEM CONTROL NUMBER
System control number (BD-RjUL) 81739
040 ## - CATALOGING SOURCE
Original cataloging agency BD-RjUL
Language of cataloging eng
Transcribing agency BD-RjUL
041 ## - LANGUAGE CODE
Language code of text/sound track or separate title urd
082 ## - DEWEY DECIMAL CLASSIFICATION NUMBER
Edition number 23
Classification number 891.5509
Author mark and year KHM 1968
100 ## - MAIN ENTRY--PERSONAL NAME
Personal name خان, شاه نواز ;; Khan, Shahwaz
9 (RLIN) 8460
245 10 - TITLE STATEMENT
Title مآثر الأمراء ;; mathir al'umara /
Statement of responsibility, etc. Shah Nawaz Khan ; Translator Muhammad Ayub Qadri ;; شاه نواز خان; مترجم محمد ايوب قادري
300 ## - PHYSICAL DESCRIPTION
Pagination 923 p. ;
Size 23 cm
650 ## - SUBJECT ADDED ENTRY--TOPICAL TERM
Topical term or geographic name as entry element Literature
Form subdivision (Miscellaneous, in manuscript)
9 (RLIN) 8461
Topical term or geographic name as entry element Persian Litarature
Form subdivision History & Criticism
9 (RLIN) 8462
700 ## - ADDED ENTRY--PERSONAL NAME
Personal name قادري, محمد ايوب ;; Qadri, Muhammad Ayub
942 ## - ADDED ENTRY ELEMENTS (KOHA)
Source of classification or shelving scheme Dewey Decimal Classification
Koha item type Books
Holdings
Lost status Source of classification or shelving scheme Damaged status Not for loan Collection code Permanent Location Current Location Shelving location Date acquired Source of acquisition Cost, normal purchase price Total Checkouts Full call number Date last seen Copy number Koha item type
  Dewey Decimal Classification   Not For Loan Non-fiction Central Library, University of Rajshahi Central Library, University of Rajshahi Reading Room 02/02/1974 Urdu book Rawalpindi 15.00   U 891.5509 KHM 1968 22/08/2023 C-1 Books
  Dewey Decimal Classification     Non-fiction Central Library, University of Rajshahi Central Library, University of Rajshahi General Stacks 03/12/1971 Feros & sons , Lahore 15.00   U 891.5509 KHM 1968 23/08/2023 C-2 Books